Statistiques concernant Effectif du sluc saison 2023/2024

Cliquez ici pour prendre le quiz!

Statistiques générales

  • Ce quiz a été pris 15 fois
  • Le résultat moyen est 8 sur 14

Statistiques - réponses

HintRéponse% Correct
1Mason
88%
25Frisch
75%
EntraîneurLautié
75%
3Bowden
63%
30Grotzinger
63%
2Johnson
63%
21Thompson
63%
24Houmounou
50%
13Cerovina
38%
19Cingala mata
38%
23Kingue
38%
8Labanca
38%
4Nwamu
38%
14Mballa
25%

Distribution des résultats

Percentile par nombre de réponses

% des personnes avec chaque résultat

Votre développement - résultats

Vous n’avez pas pris ce quiz